000 00676nam a2200217Ia 4500
005 20241129111118.0
008 241129s9999||||xx |||||||||||||| ||und||
020 _a978-1-03-202050-1
037 _aTB
040 _aCRL
_beng
_cCRL
041 _aeng
_2eng
084 _aWv R3
_qCRL
100 _aRahman Smita A. Ed.; Gordy Katherine A. Ed.; Deylami Shirin S. Ed.
_9723359
245 0 _aGloablizing political theory
_cRahman Smita A. Ed.; Gordy Katherine A. Ed.; Deylami Shirin S. Ed.
260 _aLondon, UK
_bRoutledge
_c2023
300 _axvi,208p.
365 _aUKP
_b36.99
650 _aPolitical Science
942 _cTB
_hWv R3
999 _c1228981
_d1228981